LEADER 00747nam0 2200265 450 001 000016698 005 20080930122906.0 100 $a20080930d1979----km-y0itay50------ba 101 0 $aita 102 $aIT 105 $ay-------001yy 200 1 $a<>logica$fMaria Luisa Dalla Chiara Scabia 210 $aMilano$cA. Mondadori$d1979 215 $a132 p.$d21 cm 225 2 $aOscar studio$iEnciclopedia filosofica$v1 410 0$12001$aOscar studio 610 1 $aLogica 676 $a160$v17$9Logica 676 $a160$v18$9Logica 700 1$aDalla Chiara,$bMaria Luisa$045140 801 0$aIT$bUNIPARTHENOPE$c20080930$gRICA$2UNIMARC 912 $a000016698 951 $a212.1/71$b476$cNAVA2 996 $aLogica$9353340 997 $aUNIPARTHENOPE LEADER 02008nam 2200505 450 001 9910820121403321 005 20231002203006.0 010 $a0-87609-592-9 035 $a(CKB)3710000000445818 035 $a(EBL)3425950 035 $a(SSID)ssj0001576245 035 $a(PQKBManifestationID)16245919 035 $a(PQKBTitleCode)TC0001576245 035 $a(PQKBWorkID)14855009 035 $a(PQKB)11317187 035 $a(MiAaPQ)EBC3425950 035 $a(EXLCZ)993710000000445818 100 $a20150725h20142014 uy 0 101 0 $aeng 135 $aur|n|---||||| 181 $ctxt$2rdacontent 182 $cc$2rdamedia 183 $acr$2rdacarrier 200 10$aChild brides, global consequences $ehow to end child marriage /$fGayle Tzemach Lemmon, Lynn S. ElHarake 210 1$aNew York, New York :$cCouncil on Foreign Relations,$d2014. 210 4$dİ2014 215 $a1 online resource (58 pages) 300 $aDescription based upon print version of record. 311 $a0-87609-591-0 311 $a0-87609-596-1 327 $aContents; Foreword; Acknowledgments; High Stakes for Young Lives: Examining Strategies to Stop Child Marriage; Introduction; Background; Strategies for Ending Child Marriage; Recommendations; Endnotes; Fragile States, Fragile Lives: Child Marriage Amid Disaster and Conflict; Introduction; The Status of Women and Girls in Fragile States; Drivers of Child Marriage in Fragile States: Poverty, Lack of Education, and Insecurity; Recommendations; Endnotes; About the Authors 606 $aChildren's rights 606 $aChild marriage$xLaw and legislation 615 0$aChildren's rights. 615 0$aChild marriage$xLaw and legislation. 676 $a323.352 700 $aTzemach Lemmon$b Gayle$01646490 702 $aElHarake$b Lynn S. 801 0$bMiAaPQ 801 1$bMiAaPQ 801 2$bMiAaPQ 906 $aBOOK 912 $a9910820121403321 996 $aChild brides, global consequences$93993522 997 $aUNINA